The four elements of success : (Record no. 62652)
[ view plain ]
| 000 -LEADER | |
|---|---|
| fixed length control field | 01071cam a22002654a 4500 |
| 001 - CONTROL NUMBER | |
| control field | vtls003053299 |
| 003 - CONTROL NUMBER IDENTIFIER | |
| control field | MY-SjTCS |
| 005 - DATE AND TIME OF LATEST TRANSACTION | |
| control field | 20200306170447.0 |
| 008 - FIXED-LENGTH DATA ELEMENTS--GENERAL INFORMATION | |
| fixed length control field | 110218s2005 tnua b 000 0 eng |
| 020 ## - INTERNATIONAL STANDARD BOOK NUMBER | |
| International Standard Book Number | 0785208887 (pbk.) |
| 039 #9 - LEVEL OF BIBLIOGRAPHIC CONTROL AND CODING DETAIL [OBSOLETE] | |
| Level of rules in bibliographic description | 201404191502 |
| Level of effort used to assign nonsubject heading access points | pushpa |
| Level of effort used to assign subject headings | 201102181503 |
| Level of effort used to assign classification | VLOAD |
| Level of effort used to assign subject headings | 200706292100 |
| Level of effort used to assign classification | mas |
| Level of effort used to assign subject headings | 200706080851 |
| Level of effort used to assign classification | chon ling |
| -- | 200706080850 |
| -- | chon ling |
| 082 00 - DEWEY DECIMAL CLASSIFICATION NUMBER | |
| Classification number | 658.4022 |
| Item number | JON |
| 100 1# - MAIN ENTRY--PERSONAL NAME | |
| Personal name | Jones, Laurie Beth. |
| 9 (RLIN) | 24898 |
| 245 14 - TITLE STATEMENT | |
| Title | The four elements of success : |
| Remainder of title | a simple personality profile that will transform your team / |
| Statement of responsibility, etc. | Laurie Beth Jones. |
| 246 30 - VARYING FORM OF TITLE | |
| Title proper/short title | Personality profile that will transform your team |
| 260 ## - PUBLICATION, DISTRIBUTION, ETC. | |
| Place of publication, distribution, etc. | Nashville, Tenn. : |
| Name of publisher, distributor, etc. | Nelson Business, |
| Date of publication, distribution, etc. | c2005. |
| 300 ## - PHYSICAL DESCRIPTION | |
| Extent | xxiii, 253 p. : |
| Other physical details | ill. ; |
| Dimensions | 22 cm. |
| 504 ## - BIBLIOGRAPHY, ETC. NOTE | |
| Bibliography, etc. note | Includes bibliographical references (p. 203-206). |
| 650 #0 - SUBJECT ADDED ENTRY--TOPICAL TERM | |
| Topical term or geographic name entry element | Teams in the workplace |
| General subdivision | Management. |
| 9 (RLIN) | 23976 |
| 650 #0 - SUBJECT ADDED ENTRY--TOPICAL TERM | |
| Topical term or geographic name entry element | Personality and motivation. |
| 9 (RLIN) | 6280 |
| 650 #0 - SUBJECT ADDED ENTRY--TOPICAL TERM | |
| Topical term or geographic name entry element | Personality assessment. |
| 9 (RLIN) | 24650 |
| 650 #0 - SUBJECT ADDED ENTRY--TOPICAL TERM | |
| Topical term or geographic name entry element | Employee selection. |
| 9 (RLIN) | 3740 |
| 650 #0 - SUBJECT ADDED ENTRY--TOPICAL TERM | |
| Topical term or geographic name entry element | Organizational effectiveness. |
| 9 (RLIN) | 285718 |
| 920 ## - Programme | |
| Programme | GENLS : 182321 |
| Withdrawn status | Lost status | Source of classification or shelving scheme | Damaged status | Not for loan | Home library | Current library | Date acquired | Cost, normal purchase price | Total Checkouts | Barcode | Date last seen | Date last checked out | Copy number | Uniform Resource Identifier | Cost, replacement price | Koha item type | Public note |
|---|---|---|---|---|---|---|---|---|---|---|---|---|---|---|---|---|---|
| Dewey Decimal Classification | Taylor's Library-TU | Taylor's Library-TU | 15/03/2016 | 37.72 | 6 | 5000159438 | 05/12/2019 | 21/04/2010 | 1 | Floor 4, Shelf 25 , Side 2, TierNo 3, BayNo 2 | 37.72 | Main Collection | GENLS,GENLS,03,GR |